[Event "2025 NY TNM: 2000+"]
[Site "San Francisco"]
[Date "2025.01.28"]
[Round "4.1"]
[White "Bayaraa, Chinguun"]
[Black "Smith, Olivia"]
[Result "1-0"]
[Annotator "Winslow,Elliott"]
[WhiteElo "2083"]
[BlackElo "2144"]
[PlyCount "85"]
[GameId "2139604731875474"]
[EventDate "2025.??.??"]

{[%evp 0,85,22,31,12,10,19,-3,-8,-2,9,0,8,3,-26,18,34,16,16,-4,-5,-8,-6,30,-2,0,9,8,0,-6,-16,-21,1,-4,4,-22,3,7,59,-53,75,19,-89,60,66,85,121,17,-112,6,-5,-18,-29,-23,-37,-64,-64,-7,-8,-61,11,-11,4,-27,101,-1,1,20,25,-74,-8,-1,1,13,13,21,52,106,219,298,215,249,267,281,255,406,450,279]} 1. Nf3 {[%emt 0:00:11]} Nf6 {[%emt 0:00:07]} 2. e3 {[%emt 0:00:05]} g6 {[%emt 0:01:12]} 3. b3 {[%emt 0:00:09]} Bg7 {[%emt 0:00:22]} 4. Bb2 {[%emt 0:00:05]} O-O {[%emt 0:00:32]} 5. Be2 {[%emt 0:00:17]} b6 {[%emt 0:04:01]} 6. O-O {[%emt 0:01:07]} Bb7 {[%emt 0:01:07]} 7. c4 {[%emt 0:00:08]} c5 {[%emt 0:02:49]} 8. d4 {[%emt 0:00:09]} cxd4 {[%emt 0:01:46]} 9. exd4 {[%emt 0:02:12]} d5 {[%emt 0:01:16]} 10. Nc3 {[%emt 0:11:00]} Nc6 11. Rc1 {[%emt 0:05:47]} Bh6 {[%emt 0:12:05]} 12. Rb1 {[%emt 0:00:09]} Rc8 {[%emt 0:01:11]} 13. Re1 {[%emt 0:02:40]} e6 {[%emt 0:10:01]} 14. Ba3 {[%emt 0:02:51]} Re8 {[%emt 0:01:07]} 15. Ne5 {[%emt 0:03:36]} Nxe5 {[%emt 0:02:32]} 16. dxe5 {[%emt 0:00:09]} Ne4 {[%emt 0:03:24]} 17. Nxe4 {[%emt 0:03:12]} dxe4 {[%emt 0:00:12]} 18. Bd6 {[%emt 0:00:57]} f6 {[%emt 0:14:05]} 19. c5 {[%emt 0:04:05]} e3 {[%emt 0:03:39]} 20. f3 {[%emt 0:01:56]} Bf4 {[%emt 0:04:23]} 21. Bb5 {[%emt 0:06:41]} Bc6 {[%emt 0:02:53]} 22. Ba6 {[%emt 0:09:35] [#]} (22. Bxc6 $1 Rxc6 23. b4 Bxe5 24. Qa4 Qa8 25. Bxe5 fxe5 26. Rbc1 $14) 22... Ra8 $2 {[%emt 0:03:45]} (22... fxe5 $1 23. g3 Qg5 24. Qe2 $1 $11) 23. g3 {[%emt 0:04:41]} Bxe5 {[%emt 0:00:45]} 24. Bxe5 {[%emt 0:00:16]} fxe5 {[%emt 0:00:04]} 25. Rxe3 {[%emt 0:01:26]} Qd4 {[%emt 0:01:15]} 26. Qe2 {[%emt 0:10:52]} Qxc5 {[%emt 0:02:48]} (26... b5 $5 $15) 27. Kg2 {[%emt 0:01:52]} Rf8 {[%emt 0:05:02]} 28. Bc4 {[%emt 0:03:53]} Rad8 {[%emt 0:06:42]} 29. Rf1 {[%emt 0:02:21]} Qb4 {[%emt 0:01:42]} 30. Bxe6+ {[%emt 0:03:40]} Kg7 {[%emt 0:00:09]} 31. Rf2 {[%emt 0:09:36]} Rf6 32. Bc4 {[%emt 0:11:27]} e4 {[%emt 0:00:10]} 33. fxe4 {[%emt 0:00:20]} Rxf2+ {[%emt 0:00:40]} 34. Qxf2 {[%emt 0:00:13]} Rd2 {[%emt 0:00:23]} 35. Re2 {[%emt 0:02:01]} Bxe4+ {[%emt 0:00:13]} 36. Kh3 {[%emt 0:00:58]} Bf5+ {[%emt 0:02:20]} 37. g4 {[%emt 0:00:04]} Rxe2 {[%emt 0:01:59]} 38. Qxe2 {[%emt 0:02:30] [#]} Bc8 $4 {[%emt 0:01:10]} (38... Qc3+ 39. Kg2 Bb1 40. g5 $1 Kf8 $1 41. Bb5 Qc8 $1 $14) 39. Qe5+ {[%emt 0:00:52]} Kf8 {[%emt 0:00:34]} 40. Qh8+ {[%emt 0:00:52]} Ke7 {[%emt 0:00:10]} 41. Qxh7+ {[%emt 0:01:16]} Kd8 {[%emt 0:00:27]} 42. Qxg6 {[%emt 0:00:17]} Qe1 {[%emt 0:01:03]} 43. Qd3+ {[%emt 0:00:06]} 1-0

[Event "2025 NY TNM: 2000+"]
[Site "San Francisco"]
[Date "2025.01.28"]
[Round "4.2"]
[White "Winslow, Elliott"]
[Black "Ivanenko, Anthony"]
[Result "1-0"]
[Annotator "Winslow,Elliott"]
[WhiteElo "2215"]
[BlackElo "1969"]
[PlyCount "85"]
[GameId "2139604731904147"]
[EventDate "2025.??.??"]

{[%evp 0,52,22,16,18,0,11,-10,27,19,10,21,32,-6,8,9,-25,6,12,-5,-135,-37,-37,-40,-53,-18,22,-11,24,-13,13,-51,-59,-50,78,61,110,60,190,327,366,293,374,388,394,316,430,295,419,257,424,398,409,402,244]} {I was hoping to "outprepare" Tony (whose openings are very well prepared indeed), but I got called in "at the last minute" to do the pregame lecture -- and I found the subject matter continually interesting. Such that I didn't cover my material well enough. And as it is well known, bad preparation is worse than no preparation, if you're going into sharp lines. So:} 1. Nf3 {[%emt 0:03:25]} d5 {[%emt 0:02:16]} 2. g3 {[%emt 0:02:09]} Bg4 {[%emt 0:00:45] I was, shall we say, totally unprepared for this.} 3. Bg2 {[%emt 0:00:11]} c6 {[%emt 0:00:09]} 4. O-O {[%emt 0:00:54]} Nd7 {[%emt 0:00:05]} 5. d3 {[%emt 0:01:35]} e5 {[%emt 0:01:33]} 6. Nbd2 {[%emt 0:00:18]} Ngf6 {[%emt 0:02:16]} 7. h3 {[%emt 0:02:23]} Bh5 {[%emt 0:01:50]} 8. e4 {[%emt 0:02:05]} dxe4 {[%emt 0:11:10]} (8... Bd6 9. exd5 cxd5 10. c4 O-O 11. cxd5 Nxd5 12. Qb3 N5b6 13. Ne4 Be7 14. a4 a5 15. Be3 Bb4 16. Rac1 Rc8 17. Rxc8 Nxc8 18. Qd5 Ncb6 19. Qb5 Re8 20. g4 Bg6 21. Rc1 h6 22. Nfd2 Re6 23. Nb3 Qa8 24. Rc7 Qd8 25. Rxb7 Kh7 26. Nxa5 Bxa5 27. Qxa5 Qc8 28. Bxb6 Qc1+ 29. Bf1 Qc6 30. Rxd7 Qxd7 31. Nc5 Qd6 32. Nxe6 Qxe6 33. Qc5 e4 34. dxe4 Qxe4 35. a5 Qb1 36. Qb5 Be4 37. a6 Qd1 38. a7 {½-½ Amin,B (2694)-Yu,Y (2735) Biel Blitz 56th 2023 (11)}) 9. Nxe4 {[%emt 0:03:32]} Nxe4 {[%emt 0:00:40]} 10. dxe4 {[%emt 0:00:08]} Bc5 {[%emt 0:06:56]} 11. Qe2 {[%emt 0:10:34]} O-O {[%emt 0:01:23]} 12. c3 {[%emt 0:03:01]} a5 {[%emt 0:04:22] [#]} 13. Rd1 $146 {[%emt 0:07:54]} (13. a4 Qe7 14. Qc2 Rad8 15. Bg5 f6 16. Bc1 Bf7 17. Nh4 g6 18. Re1 Nb6 19. Bf1 Qe6 20. Kg2 Qb3 21. Qxb3 Bxb3 22. Nf3 Bxa4 23. Nd2 Ra8 24. Nc4 Bb5 25. Rxa5 Bxc4 26. Bxc4+ Nxc4 27. Rxc5 Nb6 28. Be3 Na4 29. Rc4 Nxb2 30. Rb4 Nd3 31. Reb1 Nxb4 32. Rxb4 b5 33. c4 Ra4 34. Rb2 Rxc4 35. Kf3 Rc3 36. Rd2 b4 37. Ke2 b3 38. Rb2 c5 39. Kd2 Rc2+ 40. Rxc2 bxc2 41. Kxc2 Rc8 42. Kc3 Kf7 {0-1 Zhukov,M (1902)-Hercegovac,N (2187) Titled Tuesday intern op 26th Jul Early Chess.com INT blitz 2022 (6)}) 13... Qe7 {[%emt 0:05:46] [#]} 14. g4 $6 {[%emt 0:11:56]} (14. Be3 $11 Rfd8 (14... Bxe3)) 14... Bg6 $15 {[%emt 0:00:38]} 15. Bg5 $6 {[%emt 0:00:48]} f6 {[%emt 0:03:54]} 16. Be3 {[%emt 0:01:27] [#]} Rfd8 $2 {[%emt 0:02:15]} ({I completely expected} 16... Bxe3 17. Qxe3 {when I thought I'd be okay, but the damned computer gives} Bf7 $1 18. Bf1 Rfd8 19. Nh4 g6 $17) 17. Rxd7 {[%emt 0:02:05]} Rxd7 {[%emt 0:00:14]} 18. Qc4+ {[%emt 0:00:07] [#]} Qf7 $4 {[%emt 0:00:38]} (18... Bf7 19. Qxc5 Qxc5 20. Bxc5 Rad8 $14 {might just not be so bad.}) 19. Qxc5 $18 {[%emt 0:02:17]} Bxe4 $2 {[%emt 0:00:17]} 20. Nxe5 $18 {[%emt 0:01:14]} fxe5 {[%emt 0:00:44]} 21. Bxe4 {[%emt 0:00:12] [#] The bishops dominate.} Qf6 {[%emt 0:01:35]} 22. Kg2 {[%emt 0:05:22]} g6 {[%emt 0:00:51]} 23. Qc4+ {[%emt 0:00:53]} Kg7 {[%emt 0:01:00]} 24. g5 {[%emt 0:00:59]} Qd6 {[%emt 0:01:25]} 25. Bf3 {[%emt 0:02:18]} Qf8 {[%emt 0:03:30]} 26. a4 {[%emt 0:01:47]} Qf7 {[%emt 0:02:43]} 27. Qxf7+ {[%emt 0:02:21]} Kxf7 {[%emt 0:00:17]} 28. Kf1 {[%emt 0:00:14]} Re8 {[%emt 0:04:28]} 29. Be4 {[%emt 0:00:21]} Ra8 {[%emt 0:01:57]} 30. Ke2 {[%emt 0:00:20]} Ra6 {[%emt 0:00:39]} 31. Bd3 {[%emt 0:02:40]} Ra8 {[%emt 0:00:14]} 32. Bc4+ {[%emt 0:00:26]} Ke7 {[%emt 0:01:18]} 33. Bc5+ {[%emt 0:00:58]} Ke8 {[%emt 0:01:30]} 34. Bb6 {[%emt 0:04:29]} Ke7 {[%emt 0:01:15]} 35. h4 {[%emt 0:00:18]} Kf8 {[%emt 0:02:07]} 36. Be6 {[%emt 0:01:16]} Rg7 {[%emt 0:00:57]} 37. Rd1 {[%emt 0:00:50]} Ke8 {[%emt 0:00:05]} 38. Ke3 {[%emt 0:01:21]} Re7 {[%emt 0:00:21]} 39. Rd6 {[%emt 0:01:03]} Rg7 {[%emt 0:00:32]} 40. Ke4 {[%emt 0:01:35]} Ra6 {[%emt 0:00:07]} 41. Bd8 {[%emt 0:01:35]} Re7 {[%emt 0:01:39]} 42. Bxe7 {[%emt 0:01:09]} Kxe7 {[%emt 0:00:06]} 43. Kxe5 {[%emt 0:00:07]} 1-0

[Event "2025 NY TNM: 2000+"]
[Site "San Francisco"]
[Date "2025.01.28"]
[Round "4.3"]
[White "Chan, Kyle"]
[Black "Atkeson, Christopher"]
[Result "0-1"]
[WhiteElo "2048"]
[BlackElo "2181"]
[PlyCount "155"]
[GameId "2139604731924628"]
[EventDate "2025.??.??"]

1. e4 {[%emt 0:00:02]} e5 {[%emt 0:00:08]} 2. Nf3 {[%emt 0:00:10]} Nc6 {[%emt 0:00:06]} 3. Bb5 {[%emt 0:00:03]} a6 {[%emt 0:00:07]} 4. Ba4 {[%emt 0:00:04]} Nf6 {[%emt 0:00:08]} 5. O-O {[%emt 0:00:06]} Be7 {[%emt 0:00:05]} 6. Re1 {[%emt 0:00:05]} b5 {[%emt 0:00:09]} 7. Bb3 {[%emt 0:00:05]} d6 {[%emt 0:00:11]} 8. c3 {[%emt 0:00:06]} O-O {[%emt 0:00:08]} 9. h3 {[%emt 0:00:03]} Nb8 {[%emt 0:00:07]} 10. d4 {[%emt 0:00:12]} Nbd7 {[%emt 0:00:07]} 11. Nbd2 {[%emt 0:00:09]} c5 {[%emt 0:00:23]} 12. d5 {[%emt 0:01:22]} c4 {[%emt 0:01:58]} 13. Bc2 {[%emt 0:00:04]} Re8 {[%emt 0:00:15]} 14. b4 {[%emt 0:03:42]} cxb3 {[%emt 0:02:08]} 15. axb3 {[%emt 0:00:08]} Qc7 {[%emt 0:02:08]} 16. Bb2 {[%emt 0:01:50]} Nf8 {[%emt 0:01:51]} 17. Kh2 {[%emt 0:10:50]} Ng6 {[%emt 0:01:54]} 18. g3 {[%emt 0:02:05]} Bd7 {[%emt 0:04:07]} 19. Qe2 {[%emt 0:02:02]} a5 {[%emt 0:02:07]} 20. Bd3 {[%emt 0:01:19]} Reb8 {[%emt 0:00:33]} 21. Rec1 {[%emt 0:01:34]} Qc8 {[%emt 0:06:08]} 22. Qf1 {[%emt 0:02:24]} h6 {[%emt 0:03:54]} 23. b4 {[%emt 0:03:12]} a4 {[%emt 0:01:18]} 24. Nb1 {[%emt 0:03:00]} Qe8 {[%emt 0:01:54]} 25. Na3 {[%emt 0:00:56]} Nh7 {[%emt 0:01:11]} 26. Qg2 {[%emt 0:03:31]} Ra7 {[%emt 0:04:33]} 27. Rc2 {[%emt 0:03:35]} Rab7 {[%emt 0:00:26]} 28. Rf1 {[%emt 0:03:32]} Nf6 {[%emt 0:02:23]} 29. Rcc1 {[%emt 0:02:19]} Nh5 {[%emt 0:00:51]} 30. Ng1 {[%emt 0:03:40]} Bg5 {[%emt 0:01:41]} 31. Rcd1 {[%emt 0:01:16]} Qc8 {[%emt 0:04:03]} 32. Rfe1 {[%emt 0:03:55]} Qd8 {[%emt 0:17:55]} 33. Bf1 {[%emt 0:05:04]} Nf6 {[%emt 0:06:35]} 34. Nc2 {[%emt 0:05:24]} h5 {[%emt 0:00:46]} 35. Nf3 {[%emt 0:06:13]} Bh6 {[%emt 0:01:09]} 36. Nd2 {[%emt 0:00:56]} h4 {[%emt 0:00:43]} 37. Qf3 {[%emt 0:06:21]} Nh7 {[%emt 0:03:53]} 38. Qe2 {[%emt 0:04:01]} Qc8 {[%emt 0:02:26]} 39. Nf3 {[%emt 0:04:45]} Nf6 {[%emt 0:02:10]} 40. Ng1 {[%emt 0:01:23]} Rc7 {[%emt 0:01:20]} 41. Qd3 {[%emt 0:01:36]} Nh5 {[%emt 0:01:46]} 42. Qf3 {[%emt 0:02:18]} Nf6 {[%emt 0:03:36]} 43. Ra1 {[%emt 0:01:13]} Nh7 {[%emt 0:00:57]} 44. Qd3 {[%emt 0:01:09]} f5 {[%emt 0:01:19]} 45. Ra3 {[%emt 0:02:09]} Ng5 {[%emt 0:00:54]} 46. Bg2 {[%emt 0:01:29]} Qf8 {[%emt 0:05:00]} 47. exf5 {[%emt 0:02:35]} Bxf5 {[%emt 0:00:18]} 48. Qe2 {[%emt 0:00:10]} Rf7 {[%emt 0:02:08]} 49. Ne3 {[%emt 0:01:47]} Be4 {[%emt 0:04:00]} 50. Ng4 {[%emt 0:02:12]} Kh8 {[%emt 0:02:43]} 51. Rf1 {[%emt 0:02:10]} Nf3+ {[%emt 0:00:51]} 52. Bxf3 {[%emt 0:00:48]} Bxf3 {[%emt 0:00:10]} 53. Nxf3 {[%emt 0:00:20]} Rxf3 {[%emt 0:00:07]} 54. Kg2 {[%emt 0:00:27]} hxg3 {[%emt 0:01:39]} 55. fxg3 {[%emt 0:00:32]} Rxf1 {[%emt 0:00:25]} 56. Qxf1 {[%emt 0:00:01]} Ne7 {[%emt 0:03:25]} 57. Qd3 {[%emt 0:02:03]} Qf7 {[%emt 0:00:43]} 58. Ra1 {[%emt 0:00:21]} Rf8 {[%emt 0:03:00]} 59. Rd1 {[%emt 0:00:48]} Ng6 {[%emt 0:01:02]} 60. Qe4 {[%emt 0:02:11]} Bg5 {[%emt 0:00:27]} 61. Qe2 {[%emt 0:01:05]} Ne7 {[%emt 0:00:28]} 62. Qe4 {[%emt 0:00:26]} Nf5 {[%emt 0:00:19]} 63. Qe2 {[%emt 0:00:31]} Nh6 {[%emt 0:00:58]} 64. Nxh6 {[%emt 0:00:23]} Bxh6 {[%emt 0:00:07]} 65. Rd3 {[%emt 0:00:30]} e4 {[%emt 0:00:35]} 66. Rd1 {[%emt 0:00:59]} e3 {[%emt 0:00:54]} 67. Rf1 {[%emt 0:01:17]} Qxd5+ {[%emt 0:00:12]} 68. Rf3 {[%emt 0:01:28]} Ra8 69. Kg1 {[%emt 0:00:36]} Qd2 {[%emt 0:01:01]} 70. Kf1 {[%emt 0:00:46]} a3 {[%emt 0:00:19]} 71. Ba1 {[%emt 0:00:11]} a2 {[%emt 0:00:30]} 72. h4 {[%emt 0:00:20]} Qc1+ {[%emt 0:00:37]} 73. Qe1 {[%emt 0:00:06]} e2+ {[%emt 0:00:33]} 74. Kf2 {[%emt 0:00:38]} Re8 75. Rd3 {[%emt 0:01:36]} Be3+ {[%emt 0:00:43]} 76. Rxe3 {[%emt 0:00:23]} Qxe3+ {[%emt 0:00:07]} 77. Kg2 {[%emt 0:00:14]} Rf8 {[%emt 0:00:15]} 78. c4 {[%emt 0:00:53]} 0-1

[Event "2025 NY TNM: 2000+"]
[Site "San Francisco"]
[Date "2025.01.28"]
[Round "4.4"]
[White "Dzhanhirov, Dmytro"]
[Black "Diller, Bradley R"]
[Result "1-0"]
[Annotator "Diller,Bradley R"]
[WhiteElo "2238"]
[BlackElo "2089"]
[PlyCount "77"]
[GameId "2139652822213183"]
[EventDate "2025.??.??"]

{[%evp 0,67,13,26,15,7,-29,5,9,-5,-1,-35,8,-45,-74,-12,-75,-23,-5,-8,30,26,13,13,-55,-7,-81,-30,-28,-18,-31,-33,-50,-79,-81,-92,-89,-88,-84,-81,-77,-92,-90,-83,-65,-82,-68,-118,5,-22,139,81,126,166,151,173,144,215,282,122,118,114,68,1,222,-29999,29999,-29999,29999,-29999]} 1. d4 {[%emt 0:06:39]} Nf6 {[%emt 0:00:07]} 2. Bg5 {[%emt 0:02:47]} Ne4 {[%emt 0:00:07]} 3. h4 {[%emt 0:00:05] (EW: known as The Zot in Michigan in the 60s. I imagine it has a lot of nicknames around the world.)} c5 {[%emt 0:00:11]} ({EW: Avrukh in his "Beating 1.d4 Sidelines" goes with the "no-nonsense" (as he puts it)} 3... d5) 4. d5 {[%emt 0:00:06]} Qb6 {[%emt 0:00:34]} 5. Nd2 {[%emt 0:01:37] [#]} h6 {[%emt 0:00:13] This was a relatively new move that Gadir Guseinov suggested, but Dzhangirov was familiar with this line.} 6. Bf4 {[%emt 0:01:48]} Qxb2 {[%emt 0:00:45]} 7. Nxe4 {[%emt 0:02:03]} Qb4+ {[%emt 0:00:22]} 8. Qd2 {[%emt 0:07:08]} (8. c3 $142) 8... Qxe4 {[%emt 0:00:26]} 9. f3 {[%emt 0:03:13]} Qg6 $2 {[%emt 0:04:54]} ({The queen is poorly positioned and hinders the development of the kingside.} 9... Qa4 $142 10. e4 d6 11. h5 Nd7 12. Ne2 a6 13. Kf2 b5 $15) 10. e4 $14 {[%emt 0:03:24]} d6 {[%emt 0:03:56]} 11. Rb1 {[%emt 0:03:12]} e5 {[%emt 0:10:33]} 12. h5 {[%emt 0:12:38]} (12. dxe6 $142 Qxe6 13. Ne2 Be7 14. Nc3 O-O 15. Nd5 Bd8 16. g4 Nc6 17. g5 $14) 12... Qf6 {[%emt 0:00:42]} 13. Bg3 {[%emt 0:00:53]} Qd8 {[%emt 0:01:24]} 14. f4 {[%emt 0:06:17]} exf4 {[%emt 0:03:17]} 15. Bxf4 {[%emt 0:00:03]} Be7 {[%emt 0:00:30]} 16. Bb5+ {[%emt 0:02:06]} Nd7 {[%emt 0:00:54]} 17. Nf3 {[%emt 0:02:47]} O-O {[%emt 0:07:56]} 18. Bxd7 {[%emt 0:00:09]} Bxd7 {[%emt 0:04:23]} 19. Rxb7 Rb8 {[%emt 0:02:31]} 20. Rxb8 {[%emt 0:00:14]} Qxb8 {[%emt 0:00:02]} 21. O-O {[%emt 0:00:37]} Bg4 {[%emt 0:07:48]} (21... Qb2 $143 22. Qa5) 22. Qf2 {[%emt 0:03:00]} Bxh5 {[%emt 0:12:49]} 23. Qg3 {[%emt 0:00:56] [#]} Kh8 $2 {[%emt 0:00:25] A serious error.} (23... g5 {chasing away the queen bishop and inhibiting the e5 break was the correct idea. My kingside is strangely invulnerable.} 24. Nh2 Kh7 25. Bd2 Qc8 $17) 24. e5 {[%emt 0:06:09]} Qb2 $2 {[%emt 0:01:49] This is the move that I calculated after 23 ... Kh8, but it is a shocking blunder that leads to lost position.} 25. exd6 {[%emt 0:02:09]} Bf6 {[%emt 0:07:11]} 26. Be5 $1 {[%emt 0:15:20] I completely overlooked this move} Qxc2 {[%emt 0:08:21] distasteful and leads to a losing position,} ({but} 26... Bxe5 {loses quite easily:} 27. Qxe5 Qxe5 28. Nxe5 Rd8 29. Rxf7 Rxd6 30. c4 $18) 27. Bxf6 {[%emt 0:01:04]} gxf6 {[%emt 0:00:01]} 28. Qf4 {[%emt 0:04:36]} Kh7 {[%emt 0:05:51]} 29. Qxf6 $2 {[%emt 0:03:58]} (29. Nh4 $142 $18) 29... Rg8 $14 {[%emt 0:08:51]} 30. Nh4 {[%emt 0:00:17]} Qd3 {[%emt 0:00:49]} 31. Nf5 {[%emt 0:04:47] [#]} Qd2 $4 {[%emt 0:02:57]} ({In my haste, I missed the not too difficult to find rook sacrifice} 31... Rxg2+ {forcing perpetual check.} 32. Kxg2 Qe4+) 32. Rf2 {[%emt 0:00:31]} Qc1+ {[%emt 0:01:42]} 33. Kh2 {[%emt 0:01:05]} Qg5 {[%emt 0:02:17]} 34. Ne7 {[%emt 0:00:36]} Qxf6 {[%emt 0:01:43]} 35. Rxf6 {[%emt 0:00:07]} Rd8 {[%emt 0:00:23]} 36. Nc6 {[%emt 0:00:53]} Rd7 {[%emt 0:00:20]} 37. Ne5 {[%emt 0:00:06]} Rd8 {[%emt 0:00:03]} 38. d7 {[%emt 0:00:08]} Kg7 {[%emt 0:00:29]} 39. Rd6 1-0

[Event "2025 NY TNM: 2000+"]
[Site "San Francisco"]
[Date "2025.01.28"]
[Round "4.7"]
[White "Srinivasan, Sivavishnu"]
[Black "Clemens, Kristian"]
[Result "1/2-1/2"]
[Annotator "Winslow,Elliott"]
[WhiteElo "2092"]
[BlackElo "1916"]
[PlyCount "72"]
[GameId "2139604731965590"]
[EventDate "2025.??.??"]

1. e4 e5 2. Nf3 Nf6 3. Nxe5 d6 4. Nf3 Nxe4 5. d3 Nf6 6. d4 d5 7. Bd3 Bd6 8. O-O O-O 9. h3 Re8 10. Nc3 c6 11. Re1 Rxe1+ 12. Qxe1 Qe7 13. Ne5 Nbd7 14. f4 a6 15. Be3 Nf8 16. Qf2 Bd7 17. g4 Re8 18. Qf3 Bc8 19. Rf1 N6d7 20. Bf2 f6 21. Bh4 Ne6 {[#]} 22. g5 fxg5 23. Bxh7+ Kxh7 24. Qh5+ Kg8 25. Ng6 Qf6 26. fxg5 Qxd4+ 27. Kh1 Nf4 28. Nxf4 Rf8 29. g6 Nf6 30. Bxf6 Rxf6 31. Qh7+ Kf8 32. Qh8+ Ke7 33. Qxg7+ Ke8 34. Qh8+ Kd7 35. Qh7+ {2:23} Kd8 {2:43} 36. g7 Rxf4 {[#] ... Here White played 37.f8=R+ (illegal) Rxf8 38.Re1 Bxh3 1/2-1/2.} (36... Rxf4 37. g8=R+ Bf8 38. Rxf8+ Rxf8 39. Rxf8#) 1/2-1/2

[Event "2025 NY TNM: 2000+"]
[Site "San Francisco"]
[Date "2025.01.28"]
[Round "4.8"]
[White "Viadiu-Ilarraza, Hector"]
[Black "Tsodikova, Natalya"]
[Result "0-1"]
[Annotator "Winslow,Elliott"]
[WhiteElo "1934"]
[BlackElo "2177"]
[PlyCount "125"]
[GameId "2139604731965591"]
[EventDate "2025.??.??"]

1. e4 e5 2. Nf3 Nc6 3. d4 exd4 4. Nxd4 Bb4+ 5. c3 Bc5 6. Be3 Bb6 7. Nf5 g6 8. Bxb6 axb6 9. Ne3 Nf6 10. f3 d6 11. Qd2 Be6 12. c4 Nh5 13. Nc3 {[#]} Qh4+ 14. g3 Nxg3 15. Qf2 Qh6 16. Rg1 Nxf1 17. Kxf1 O-O-O 18. Ncd5 Ne5 19. Kg2 Qh3+ 20. Kh1 Qxf3+ 21. Qxf3 Nxf3 22. Rg2 Rhe8 23. Nf6 Re7 24. Ned5 Bxd5 25. cxd5 c5 26. a4 h5 27. Ra3 Ne5 28. a5 bxa5 29. Rxa5 Nd7 30. Rf2 Nxf6 31. Rxf6 Kb8 32. Ra4 Kc7 33. Kg2 Kb6 34. Kf3 Kb5 35. b3 Rc7 36. Rc4 b6 37. Ra4 Rdd7 38. Ra8 c4 39. bxc4+ Rxc4 40. Rb8 Rcc7 41. Ke3 Rc3+ 42. Kd4 Rc4+ 43. Kd3 Ra4 {[#]} 44. e5 dxe5 45. Rfxb6+ Kc5 46. Rb5+ Kd6 47. R8b6+ Ke7 48. Ke3 Rd4 49. Rb7 R4xd5 50. Rxd7+ Rxd7 51. Rxe5+ Kf6 52. Ra5 Re7+ 53. Kf3 Re5 54. Ra7 g5 55. h3 Kg6 56. Rb7 f6 57. Rb8 Ra5 58. Rg8+ Kf5 59. Rh8 g4+ 60. Kf2 Kf4 61. Rh6 g3+ 62. Kg1 f5 63. Rb6 {0-1, 72} 0-1

[Event "2025 NY TNM: 2000+"]
[Site "San Francisco"]
[Date "2025.01.28"]
[Round "4.9"]
[White "Agrawal, Varun"]
[Black "Das, Rohan"]
[Result "0-1"]
[Annotator "Winslow,Elliott"]
[WhiteElo "1913"]
[BlackElo "2146"]
[PlyCount "102"]
[GameId "2139604731965592"]
[EventDate "2025.??.??"]

1. e4 e5 2. Nf3 Nc6 3. Bc4 Bc5 4. c3 Nf6 5. d3 d6 6. h3 a5 7. a4 O-O 8. Bg5 Be6 9. Qb3 Bxc4 10. Qxc4 h6 11. Bxf6 Qxf6 12. O-O Qe6 13. Nbd2 Qxc4 14. Nxc4 f5 15. exf5 Rxf5 16. Ne3 Rf7 17. Rae1 Ne7 18. d4 exd4 19. Nxd4 Bxd4 20. cxd4 Rf4 21. Rc1 c6 22. Rfd1 Nf5 23. Nxf5 Rxf5 24. Rc3 Re8 25. Re3 Kf8 26. Rde1 Rxe3 27. fxe3 d5 {[#]} 28. Rf1 {Equal but tricky.} (28. Rc1 $5 Rf6 29. Rc5 b6 30. Rc3 Ke7 31. Rb3 c5 32. dxc5 (32. Rb5 cxd4 33. exd4 Rd6 $11) 32... bxc5 33. Rb5 Kd6 34. Rxa5 Rf7 $11) 28... Rxf1+ 29. Kxf1 {[#]} Kf7 30. Ke2 Kf6 31. g3 h5 32. Kf2 Kg5 33. Kf3 Kf5 34. g4+ hxg4+ 35. hxg4+ Kg5 36. Kg3 b6 37. Kf3 (37. Kh3) 37... Kh4 38. Kf4 g6 {[#]} 39. b3 $4 (39. g5 Kh5 40. e4 $5 (40. b3 Kh4 41. e4) 40... dxe4 41. Kxe4 Kxg5 42. Ke5 Kh5 43. Kd6 g5 44. Kxc6 g4 45. d5 g3 46. d6 g2 47. d7 g1=Q 48. d8=Q Qc1+ $11 (48... Qc5+ $4 49. Kb7 $18)) 39... Kh3 40. g5 Kh4 41. Ke5 Kxg5 42. Kd6 Kf5 43. Kxc6 Ke4 44. Kxb6 g5 45. Kxa5 g4 46. Kb6 g3 47. a5 g2 48. a6 g1=Q 49. a7 Qg8 50. b4 Qc8 51. b5 Kxe3 0-1

[Event "2025 NY TNM: 2000+"]
[Site "San Francisco"]
[Date "2025.01.28"]
[Round "4.10"]
[White "Horowitz, Phineas F"]
[Black "Bambou, Christophe"]
[Result "0-1"]
[WhiteElo "1859"]
[BlackElo "2137"]
[PlyCount "110"]
[GameId "2139604731969689"]
[EventDate "2025.??.??"]

1. d4 d5 2. g3 Nf6 3. Bg2 e6 4. Nf3 c5 5. c3 Nc6 6. O-O Be7 7. Bg5 b6 8. Ne5 Bd7 9. Nxd7 Qxd7 10. dxc5 bxc5 11. Nd2 Rb8 12. Qc2 O-O 13. Rad1 h6 14. Bxf6 Bxf6 15. e4 d4 16. Nb3 Qe7 17. cxd4 Nxd4 18. Qxc5 Nxb3 19. Qxe7 Bxe7 20. axb3 Rxb3 21. Rd7 Bc5 22. Rc1 Bb6 23. Rc2 e5 24. Bf1 Rf3 25. Kg2 Rf6 26. Rd5 Bd4 27. b4 g5 28. f3 Rb8 29. b5 Re8 30. Rc7 Bb6 31. Rc6 Kg7 32. Bc4 Re7 33. Rd1 h5 34. h3 Rc7 35. Bd5 g4 36. hxg4 hxg4 37. f4 exf4 38. gxf4 Rxf4 39. Kg3 Rxc6 40. Bxc6 Bc7 41. Rd7 Be5 42. Rxa7 Rxe4+ 43. Kh4 Rb4 44. Bd5 g3+ 45. Kh3 Rxb5 46. Rxf7+ Kg6 47. Rd7 Rb2 48. Bg2 {draw offered} Rb8 49. Be4+ Kg5 50. Rd2 Rh8+ 51. Kg2 Rh2+ 52. Kg1 Rxd2 53. Bg2 Kg4 54. Bf1 Bd4+ 55. Kh1 Rh2# 0-1

[Event "2025 NY TNM: 2000+"]
[Site "San Francisco"]
[Date "2025.01.28"]
[Round "4.11"]
[White "McCollum, Patrick M"]
[Black "Seshadri, Sudarshan"]
[Result "0-1"]
[Annotator "Winslow,Elliott"]
[WhiteElo "2010"]
[BlackElo "2003"]
[PlyCount "46"]
[GameId "2139604731969690"]
[EventDate "2025.??.??"]

1. e4 c5 2. Nf3 Nc6 3. d4 cxd4 4. Nxd4 Nf6 5. Nc3 e5 6. Ndb5 d6 7. Bg5 a6 8. Na3 b5 9. Nd5 Be7 10. Bxf6 Bxf6 11. c3 O-O 12. Nc2 Rb8 (12... Bg5) 13. Bd3 (13. Be2 $5) 13... Be6 14. Nce3 Bg5 15. Bc2 Bxe3 16. Nxe3 b4 17. Ba4 bxc3 {[#]} 18. Bxc6 $4 (18. bxc3 $15 {/=}) 18... cxb2 19. O-O (19. Rb1 Bxa2 20. O-O Bxb1 21. Qxb1 $19) 19... bxa1=Q 20. Qxa1 Qb6 21. Bd5 Bxd5 22. Nxd5 Qd4 23. Qxd4 exd4 {[#]} 0-1